000 00432nam a2200181Ia 4500
001 2500
005 20260306144811.0
008 260306t1997||||xx |||||||||||||| ||spa||
041 _aESP
082 _a616.8914
_bA88
100 _aAuer, Helga
_eAUT
245 0 _aPsicología humanística:
_bmódulos de psicoterapia
260 _c1997
300 _a
_cil. ; 22 cm.
650 _aGEN
654 _aCPS
942 _cLIB
_dJUS
_fJUS
_2ddc
_n
999 _c2500
_d2500